000 00361 a2200169 4500
001 190742
020 _a978-85-7962-180-2
040 _cMagnum
100 _aMurakami, Haruki
240 1 0 _a1q84: Livro 1
_lpor
245 1 0 _a1q84: Livro 1
300 _a430
362 0 _a2012
440 1 _aObjetiva
697 _aLITERATURA GERAL ESTRANGEIRA
942 _cBK
999 _c190742
_d190742